Statistics for Capital City Double Puzzle

Click here to take the quiz!

General Stats

  • This quiz has been taken 155 times
  • The average score is 53 of 61

Answer Stats

Answer% Correct
A
98%
S
96%
T
95%
A
95%
N
94%
A
93%
B
93%
A
93%
T
92%
G
92%
O
92%
O
92%
A
90%
R
90%
C
90%
C
90%
A
90%
A
90%
S
89%
G
88%
O
88%
D
88%
H
88%
A
88%
I
88%
A
88%
K
88%
A
88%
T
88%
N
88%
I
87%
K
86%
L
86%
A
86%
G
86%
I
86%
B
85%
U
84%
D
84%
T
83%
S
83%
E
83%
P
83%
M
83%
A
83%
A
82%
L
82%
U
81%
R
81%
O
81%
J
81%
E
81%
L
81%
I
80%
V
80%
E
80%
R
80%
B
80%
I
80%
L
80%
Islamabad
55%

Score Distribution

Percentile by Number Answered

Percent of People with Each Score

Your Score History

You have not taken this quiz